Laboratory mathematics : (Record no. 20194)
[ view plain ]
| 000 -LEADER | |
|---|---|
| fixed length control field | 00884cam a22002655a 4500 |
| 001 - CONTROL NUMBER | |
| control field | 4471333 |
| 005 - DATE AND TIME OF LATEST TRANSACTION | |
| control field | 20160131160833.0 |
| 008 - FIXED-LENGTH DATA ELEMENTS--GENERAL INFORMATION | |
| fixed length control field | 960607t1997 moua frb 001 0 eng d |
| 020 ## - INTERNATIONAL STANDARD BOOK NUMBER | |
| International Standard Book Number | 0815113978 |
| 020 ## - INTERNATIONAL STANDARD BOOK NUMBER | |
| International Standard Book Number | 9780815113973 |
| 040 ## - CATALOGING SOURCE | |
| Original cataloging agency | DLC |
| Transcribing agency | DLC |
| Modifying agency | DLC |
| -- | EG-ScBUE |
| Language of cataloging | eng |
| 082 04 - DEWEY DECIMAL CLASSIFICATION NUMBER | |
| Classification number | 616.0750151 |
| Edition number | 22 |
| Item number | CAM |
| 100 1# - MAIN ENTRY--PERSONAL NAME | |
| Personal name | Campbell, Joe Bill, |
| Dates associated with a name | 1941- |
| 9 (RLIN) | 39196 |
| 245 10 - TITLE STATEMENT | |
| Title | Laboratory mathematics : |
| Remainder of title | medical and biological applications / |
| Statement of responsibility, etc | Joe Bill Campbell, June Mundy Campbell. |
| 250 ## - EDITION STATEMENT | |
| Edition statement | 5th ed. |
| 260 ## - PUBLICATION, DISTRIBUTION, ETC. (IMPRINT) | |
| Place of publication, distribution, etc | St. Louis : |
| Name of publisher, distributor, etc | Mosby, |
| Date of publication, distribution, etc | c.1997. |
| 300 ## - PHYSICAL DESCRIPTION | |
| Extent | xi, 480 p. : |
| Other physical details | ill. ; |
| Dimensions | 24 cm. |
| 500 ## - GENERAL NOTE | |
| General note | Index : p. 463-480. |
| 504 ## - BIBLIOGRAPHY, ETC. NOTE | |
| Bibliography, etc | Bibliography : p. 461. |
| 650 #7 - SUBJECT ADDED ENTRY--TOPICAL TERM | |
| Topical term or geographic name as entry element | Medical laboratory technology |
| General subdivision | Mathematics. |
| Source of heading or term | BUEsh |
| 9 (RLIN) | 37149 |
| 651 ## - SUBJECT ADDED ENTRY--GEOGRAPHIC NAME | |
| Source of heading or term | BUEsh |
| 653 ## - INDEX TERM--UNCONTROLLED | |
| Resource For college | Pharmacy |
| Arrived date list | July2015 |
| -- | January2016 |
| 700 1# - ADDED ENTRY--PERSONAL NAME | |
| Personal name | Campbell, June Mundy, |
| Dates associated with a name | 1933- |
| 942 ## - ADDED ENTRY ELEMENTS (KOHA) | |
| Source of classification or shelving scheme | Dewey Decimal Classification |
| Edition | 22 |
| Call number prefix | 616.0750151 CAM |
| Withdrawn status | Lost status | Source of classification or shelving scheme | Damaged status | Not for loan | Koha collection | Home library | Current library | Shelving location | Date acquired | Source of acquisition | Cost, normal purchase price | Serial Enumeration / chronology | Total Checkouts | Full call number | Barcode | Date last seen | Cost, replacement price | Koha item type |
|---|---|---|---|---|---|---|---|---|---|---|---|---|---|---|---|---|---|---|
| Dewey Decimal Classification | Baccah | Central Library | Central Library | First floor | 05/07/2015 | Purchase | 374.00 | 22353 | 616.0750151 CAM | 000039434 | 15/07/2025 | 468.00 | Book - Borrowing |